Folk literature of the Chamacoco indians

I tiakina i:
Ngā taipitopito rārangi puna kōrero
Ngā kaituhi matua: Wilbert, Johannes (Author), Simoneau, Karin (Author)
Hōputu: Pukapuka
Reo:Ingarihi
I whakaputaina: Los Angeles UCLA 1987
Rangatū:UCLA. Latin American Studies, 64
Ngā marau:
Ngā Tūtohu: Tāpirihia he Tūtohu
Kāore He Tūtohu, Me noho koe te mea tuatahi ki te tūtohu i tēnei pūkete!

MARC

LEADER 00000nam a2200000 a 4500
001 UCX3307
003 CL-VaPUC
008 911024e19870000US |||||||||||||||||eng|d
082 0 4 |a 398.2  |b WIL  |2 21 
100 0 |a Wilbert, Johannes  |e author  |9 319440 
700 0 |a Simoneau, Karin  |e author  |9 319441 
245 1 0 |a Folk literature of the Chamacoco indians 
300 |a 744 p 
942 |c BK 
945 |d 19911024 00:00:00 
260 |a Los Angeles  |b UCLA  |c 1987 
650 7 |a FOLKLORE  |2 CL-VaPUC  |9 268291 
650 7 |a INDIOS DE PARAGUAY LEYENDAS  |2 CL-VaPUC  |9 319442 
651 0 |a Paraguay  |9 255336 
583 |a last modification  |c 19911024 00:00:00  |k Rodrigo Vera 
490 0 |a UCLA. Latin American Studies, 64 
999 |c 224103  |d 224101 
952 |0 0  |1 0  |4 0  |6 398_200000000000000_WIL_1987  |7 0  |8 A  |9 220502  |a BIBEDU  |b BIBEDU  |d 2019-11-15  |i 2892081  |o 398.2 WIL 1987  |p 2892081  |r 2019-11-15  |w 2019-11-15  |y BK  |k LIT